| 000 | 01218cam a2200373 a 4500 | ||
|---|---|---|---|
| 001 | 2215 | ||
| 003 | FISKH | ||
| 005 | 20250519152059.0 | ||
| 008 | 090518r20102008nyua b 000 1 eng | ||
| 010 | _a 2009928950 | ||
| 020 | _a9780061906220 (trade bdg.) | ||
| 020 | _a9780061076237 (lib. bdg.) | ||
| 020 | _a9780545419666 | ||
| 040 |
_aDLC _cDLC _beng |
||
| 042 | _alcac | ||
| 050 | 0 | 0 |
_aPZ7.L7376 _bPet 2010 |
| 082 | 0 | 0 |
_a813.6 _222 |
| 100 | 1 | _aLitwin, Eric. | |
| 245 | 1 | 0 |
_aPete the cat : _bI love my white shoes / _cstory by Eric Litwin (aka Mr. Eric) ; art by James Dean. |
| 246 | 3 | 0 | _aI love my white shoes |
| 260 |
_aNew York : _bScholastic, _c2008 |
||
| 300 |
_a40 unnumbered pages : _bcolor illustrations ; _c28 cm |
||
| 505 | _aI | ||
| 520 | _aAs he walks down the street, Pete the cat sings about his brand new white shoes as they change from red to blue to brown to wet. | ||
| 521 | 1 |
_a460
_bLexile AD |
|
| 521 | 1 |
_aI
_bRaz-Plus |
|
| 650 | 1 |
_aCats _vFiction. |
|
| 650 | 1 |
_aShoes _vFiction |
|
| 650 | 1 |
_aColor _vFiction. |
|
| 650 | 1 |
_aSinging _vFiction. |
|
| 700 | 1 |
_aDean, James, _d1957- _eillustrator |
|
| 906 |
_a7 _bcbc _corignew _d2 _eepcn _f20 _gy-gencatlg |
||
| 942 |
_2ddc _cBK _n0 |
||
| 999 |
_c2215 _d2215 |
||